<?xml version="1.0" encoding="UTF-8"?><?xml-stylesheet type="text/xsl" href="static/style.xsl"?><OAI-PMH xmlns="http://www.openarchives.org/OAI/2.0/" xmlns:xsi="http://www.w3.org/2001/XMLSchema-instance" xsi:schemaLocation="http://www.openarchives.org/OAI/2.0/ http://www.openarchives.org/OAI/2.0/OAI-PMH.xsd"><responseDate>2026-04-13T13:13:40Z</responseDate><request verb="GetRecord" identifier="oai:www.recercat.cat:10256/22037" metadataPrefix="marc">https://recercat.cat/oai/request</request><GetRecord><record><header><identifier>oai:recercat.cat:10256/22037</identifier><datestamp>2024-05-22T11:32:28Z</datestamp><setSpec>com_2072_452966</setSpec><setSpec>com_2072_2054</setSpec><setSpec>col_2072_452968</setSpec></header><metadata><record xmlns="http://www.loc.gov/MARC21/slim" xmlns:dcterms="http://purl.org/dc/terms/" xmlns:xsi="http://www.w3.org/2001/XMLSchema-instance" xmlns:doc="http://www.lyncode.com/xoai" xsi:schemaLocation="http://www.loc.gov/MARC21/slim http://www.loc.gov/standards/marcxml/schema/MARC21slim.xsd">
   <leader>00925njm 22002777a 4500</leader>
   <datafield ind2=" " ind1=" " tag="042">
      <subfield code="a">dc</subfield>
   </datafield>
   <datafield ind2=" " ind1=" " tag="720">
      <subfield code="a">Párraga Cabeza, Ariadna</subfield>
      <subfield code="e">author</subfield>
   </datafield>
   <datafield ind2=" " ind1=" " tag="260">
      <subfield code="c">2022</subfield>
   </datafield>
   <datafield ind2=" " ind1=" " tag="520">
      <subfield code="a">Background: Breast augmentation with silicone prostheses is a surgery that is&#xd;
being requested more each day that passes. However, like all plastic surgeries,&#xd;
it includes complications. It is of greater relevance to make public the adverse&#xd;
effects that may occur, the early detection of the initial symptoms and the&#xd;
subsequent follow-up to thus contribute to the improvement of the care of the&#xd;
people who need it.&#xd;
Objectives: This study aims to know the most frequent hardships associated&#xd;
with augmentation mammaplasty with prostheses, to identify nursing&#xd;
interventions to prevent and/or treat them and to explore its educational actions.&#xd;
Methods: For this, a bibliographic review of the evidence in the Dialnet Plus,&#xd;
CINAHL, PubMed Medline and Scopus (Elsevier) databases has been&#xd;
executed. The research is limited between the years 2012-2022 and has been&#xd;
carried out during the months of February to May 2022. In total, 21 articles have&#xd;
been included in the review following the criteria of this project.&#xd;
Results: In total, 21 articles have been included in this report.&#xd;
Conclusions: In conclusion, you can find listed in the problems that can occur,&#xd;
the nursing interventions to prevent and/or treat them and the health actions&#xd;
that should be provided</subfield>
   </datafield>
   <datafield ind2=" " ind1=" " tag="520">
      <subfield code="a">Introducción: El aumento de pecho con prótesis de silicona es una cirugía la&#xd;
cual cada vez más personas solicitan. Como todos los procedimientos&#xd;
estéticos, no está exenta de complicaciones. Es de relevante importancia dar a&#xd;
conocer los efectos adversos que pueden darse, la detección precoz de los&#xd;
síntomas iniciales y el seguimiento posterior para contribuir así a la mejoría del&#xd;
cuidado de las personas que lo necesiten.&#xd;
Objetivos: Este estudio tiene como objetivos conocer el manejo enfermero de&#xd;
las complicaciones más frecuentes asociadas a la mamoplastia de aumento&#xd;
con prótesis, identificar las intervenciones de enfermería para poder prevenirlas&#xd;
y/o tratarlas y explorar las acciones de educación en salud de las mismas.&#xd;
Metodología: Para ello, se ha llevado a cabo una revisión bibliográfica de la&#xd;
evidencia en las bases de datos Dialnet Plus, CINAHL, PubMed Medline y&#xd;
Scopus (Elsevier). La búsqueda de los artículos se ha limitado entre los años&#xd;
2012-2022 y ha sido realizada durante los meses de febrero a abril de 2022. En&#xd;
total, se han incluido 21 artículos a la revisión según los criterios de inclusión y&#xd;
exclusión del presente trabajo.&#xd;
Conclusión: Se enumeran las problemáticas que pueden darse, las&#xd;
intervenciones enfermeras para prevenirlas y/o tratarlas y las acciones en salud&#xd;
que se deben proporcionar</subfield>
   </datafield>
   <datafield ind1="8" ind2=" " tag="024">
      <subfield code="a">http://hdl.handle.net/10256/22037</subfield>
   </datafield>
   <datafield tag="653" ind2=" " ind1=" ">
      <subfield code="a">Mastoplàstia -- Complicacions</subfield>
   </datafield>
   <datafield tag="653" ind2=" " ind1=" ">
      <subfield code="a">Mammaplasty -- Complications</subfield>
   </datafield>
   <datafield tag="653" ind2=" " ind1=" ">
      <subfield code="a">Silicones en cirurgia</subfield>
   </datafield>
   <datafield tag="653" ind2=" " ind1=" ">
      <subfield code="a">Silicones in surgery</subfield>
   </datafield>
   <datafield tag="653" ind2=" " ind1=" ">
      <subfield code="a">Cirurgia plàstica -- Complicacions</subfield>
   </datafield>
   <datafield tag="653" ind2=" " ind1=" ">
      <subfield code="a">Surgery, Plastic -- Surgery</subfield>
   </datafield>
   <datafield tag="653" ind2=" " ind1=" ">
      <subfield code="a">Mama -- Cirurgia -- Complicacions</subfield>
   </datafield>
   <datafield tag="653" ind2=" " ind1=" ">
      <subfield code="a">Breast -- Surgery -- Complications</subfield>
   </datafield>
   <datafield ind2="0" ind1="0" tag="245">
      <subfield code="a">Complicaciones relacionadas con el aumento de pecho con prótesis de silicona: revisión bibliográfica</subfield>
   </datafield>
</record></metadata></record></GetRecord></OAI-PMH>